00469nam a22001337a 4500003000500000038001800005082000800023100001700031245012400048264003500172650003100207700003900238856005800277NUST aNusrat Nadeem a200 aHameed, Adil aDesign and Development of Miniaturized Controlled Radiation Pattern Antenna Array for GNSS Applications/cAdil Hameed,  aIslamabad:bSEECS NUST.c2025. a MS-Electrical Engineering aSupervisor: Dr. Wasif Tanveer Khan u http://10.250.8.41:8080/xmlui/handle/123456789/55347